Online Catalogue and eLibrary

Ran dahadiya (Record no. 5348)

MARC details
000 -LEADER
fixed length control field 00344nam a2200145Ia 4500
005 - DATE AND TIME OF LATEST TRANSACTION
control field 20250425031654.0
008 - FIXED-LENGTH DATA ELEMENTS--GENERAL INFORMATION
fixed length control field 240331s9999 xx 000 0 und d
082 ## - DDC Classification
Item Number - Author Mark JAY
Class No. 891
100 ## - MAIN ENTRY--PERSONAL NAME
Personal name Jayakody,J
245 #0 - TITLE STATEMENT
Title Ran dahadiya
260 ## - PUBLICATION, DISTRIBUTION, ETC.
Place of publication, distribution, etc. Balangoda
Name of publisher, distributor, etc. Tharaka Publishers
Date of publication, distribution, etc. 1998
300 ## - PHYSICAL DESCRIPTION
Extent (e.g. Volumes, Pages etc.) 168 p .,
500 ## - GENERAL NOTE
General note A Sinhala Novel
942 ## - Koha item type (Biblio)
Koha item type Books in Stacks (Lending)
Holdings
Lost status Damaged status Collection code Home library Current library Shelving location Date acquired Full call number Accession Number Item type
    Lending WERC Library WERC Library Social Science Cupboard 03/31/2024 891.48 JAY 4842 Books in Stacks (Lending)

© WERC Library